000 01222cam a22003135i 4500
999 _c27625
_d27596
001 011045575
003 EG-ScBUE
005 20190917102535.0
008 900321r19961990enk f b 001 0 eng d
020 _a0745600816
020 _a0745600824 (pbk)
020 _a9780745600819
040 _aUk
_beng
_erda
_cUk
_dEG-ScBUE
082 0 4 _a306
_bTHO
_222
100 1 _aThompson, John B.
_eauthor.
245 1 0 _aIdeology and modern culture :
_bcritical social theory in the era of mass communication /
_cJohn B. Thompson.
264 1 _aCambridge :
_bPolity Press,
_c1996.
300 _aviii, 362 pages :
_bill. ;
_c24 cm
336 _atext
_btxt
_2rdacontent
337 _aunmediated
_bn
_2rdamedia
338 _avolume
_bnc
_2rdacarrier
504 _aIncludes bibliographical references and index.
520 _aIn this work, informed by materials from several disciplines and theoretical orientations, the author develops a distinctive and new account of the theory of ideology and relates it to the analysis of culture and mass communication in modern societies.
650 7 _aCulture.
_2BUEsh
_914408
650 7 _aIdeology.
_2BUEsh
653 _bHHUUEENN
_cSeptember2019
655 _vReading book
942 _2ddc
_cNB